| 000 | 00641nam a22001937a 4500 | ||
|---|---|---|---|
| 999 |
_c525634 _d525634 |
||
| 003 | NUST | ||
| 005 | 20190703102011.0 | ||
| 008 | 190703b ||||| |||| 00| 0 eng d | ||
| 038 | _aMr. Zahoor | ||
| 082 | _a307.1 | ||
| 100 |
_aAli, Syed Imran _916559 |
||
| 245 |
_aImpacts of Socio Economic and Urban form Elements on Domestic Electricity Consumption, Domestic Electricity Consumption / _cSyed Imran Ali |
||
| 260 |
_aIslambad : _bNIT- SCEE -NUST, _c2018. |
||
| 300 |
_a76 p. : ill. ; _c30cm. |
||
| 500 | _aHardcover. | ||
| 650 |
_aUrban & Regional Planning - MS Thesis _916560 |
||
| 700 |
_aDr. Abdul Waheed _916525 |
||
| 942 |
_2ddc _cTHE |
||